[Event "Francophonie-ch 7th"]
[Site "Paris"]
[Date "2019.08.04"]
[Round "1"]
[White "Annetti, Laurent"]
[Black "Dardha, Daniel"]
[Result "0-1"]
[WhiteElo "1756"]
[BlackElo "2424"]
[PlyCount "60"]
[EventDate "2019.08.04"]
[EventType "swiss"]
[EventRounds "9"]
[EventCountry "FRA"]
[SourceTitle "CBM 191 Extra"]
[Source "ChessBase"]
[SourceDate "2019.09.30"]
[SourceVersion "1"]
[SourceVersionDate "2019.09.30"]
[SourceQuality "1"]

1. e4 c5 2. d4 cxd4 3. c3 Nf6 4. e5 Nd5 5. cxd4 d6 6. Bc4 e6 7. Nf3 Be7 8. 0-0 0-0 9. a3 b6 10. Qe2 Bb7 11. Bd3 Nd7 12. Qe4 g6 13. Bh6 Re8 14. Qg4 dxe5 15. dxe5 Qc7 16. Re1 Nc5 17. Bf1 Nb3 18. Ra2 Rac8 19. Nbd2 Nxd2 20. Nxd2 Bf8 21. Bxf8 Rxf8 22. Nf3 Qc2 23. Nd4 Qd2 24. Raa1 Qxb2 25. Bd3 Qd2 26. Rad1 Qf4 27. Qh3 Nc3 28. g3 Qg5 29. Rc1 Qd8 30. Qg4 Qd5 0-1

[Event "Morbihan-ch 1213"]
[Site "France"]
[Date "2012.12.15"]
[Round "3"]
[White "Duplessy, Franck"]
[Black "Annetti, Laurent"]
[Result "0-1"]
[WhiteElo "2086"]
[BlackElo "1875"]
[PlyCount "66"]
[EventDate "2012.10.27"]
[EventType "swiss"]
[EventRounds "7"]
[EventCountry "FRA"]
[SourceTitle "EXT 2014"]
[Source "ChessBase"]
[SourceDate "2013.11.20"]
[SourceVersion "1"]
[SourceVersionDate "2013.11.20"]
[SourceQuality "1"]

1. e4 e5 2. Nf3 Nc6 3. Bb5 f5 4. Nc3 fxe4 5. Nxe4 d5 6. Nxe5 dxe4 7. Nxc6 Qg5 8. Nd4+ c6 9. Bf1 Qe5 10. Nb3 Nf6 11. h3 Bd6 12. Qe2 0-0 13. d4 Qf5 14. Be3 a5 15. g4 Qe6 16. Nc5 Qe7 17. Bg2 b6 18. g5 bxc5 19. dxc5 Ba6 20. cxd6 Qe6 21. Qd2 Nd5 22. b3 Nxe3 23. fxe3 Qe5 24. c3 Qg3+ 25. Kd1 Rf2 26. Qd4 Qxg2 27. Re1 Qf3+ 28. Kc1 Bd3 29. d7 Rc2+ 30. Kb1 Re2+ 31. Kc1 Rxe1+ 32. Kb2 Qf2+ 33. Ka3 Qf8+ 0-1

[Event "Morbihan-ch 1112"]
[Site "Morbihan"]
[Date "2012.02.25"]
[Round "6.4"]
[White "Caderon, Michel"]
[Black "Annetti, Laurent"]
[Result "1/2-1/2"]
[WhiteElo "2035"]
[BlackElo "1847"]
[PlyCount "81"]
[EventDate "2011.10.08"]
[EventType "swiss"]
[EventRounds "7"]
[EventCountry "FRA"]
[SourceTitle "EXT 2014"]
[Source "ChessBase"]
[SourceDate "2013.11.20"]
[SourceVersion "1"]
[SourceVersionDate "2013.11.20"]
[SourceQuality "1"]

1. e4 Nc6 2. Nf3 e5 3. Bb5 f5 4. Nc3 fxe4 5. Nxe4 d5 6. Nxe5 dxe4 7. Nxc6 Qg5 8. Nd4+ c6 9. Bf1 Bc5 10. Nb3 Bb6 11. d4 Qg6 12. Be3 Nf6 13. Qd2 Be6 14. 0-0-0 Rd8 15. c4 0-0 16. h3 Qf7 17. Qc3 a5 18. Nc5 Bxc5 19. dxc5 Rxd1+ 20. Kxd1 Rd8+ 21. Kc1 Nh5 22. g3 Qf3 23. Bg2 Qxg2 24. Re1 Qf3 25. Qxa5 Rd7 26. Qc3 Bxh3 27. Qe5 Nf6 28. b3 Qf5 29. Bf4 Qxe5 30. Bxe5 Ng4 31. Rxe4 Nxf2 32. Re2 Nd3+ 33. Kc2 Nxe5 34. Rxe5 Kf7 35. Re3 Bf5+ 36. Kc3 Re7 37. Rf3 Kg6 38. b4 Re2 39. a3 Rc2+ 40. Kb3 Rd2 41. Kc3 1/2-1/2

[Event "Morbihan-ch 1011"]
[Site "Morbihan"]
[Date "2011.03.26"]
[Round "6.7"]
[White "Rivalin, Patrick"]
[Black "Annetti, Laurent"]
[Result "1-0"]
[WhiteElo "1552"]
[BlackElo "1861"]
[PlyCount "67"]
[EventDate "2010.10.09"]
[EventType "swiss"]
[EventRounds "7"]
[EventCountry "FRA"]
[SourceTitle "EXT 2014"]
[Source "ChessBase"]
[SourceDate "2013.11.20"]
[SourceVersion "1"]
[SourceVersionDate "2013.11.20"]
[SourceQuality "1"]

1. c4 e5 2. Nc3 Nc6 3. g3 f5 4. d3 Bb4 5. Bd2 Bxc3 6. Bxc3 Nf6 7. Bg2 d6 8. e3 0-0 9. Ne2 Qe8 10. b4 Kh8 11. 0-0 Qh5 12. Nc1 Qh6 13. b5 Nd8 14. c5 f4 15. exf4 Bh3 16. fxe5 dxe5 17. Bd2 g5 18. Bxg5 Qxg5 19. Bxh3 Qh6 20. Bg2 Ne6 21. Nb3 Rad8 22. Re1 e4 23. Bxe4 Nxe4 24. Rxe4 Ng5 25. Qc2 Nh3+ 26. Kh1 Nxf2+ 27. Kg2 Nxe4 28. dxe4 Qf6 29. Qe2 Qe5 30. Re1 Rd7 31. Rf1 Rxf1 32. Kxf1 Re7 33. Qf3 Qxe4 34. Qf8# 1-0

[Event "Quimper op 1st"]
[Site "Quimper"]
[Date "2010.11.01"]
[Round "6"]
[White "Annetti, Laurent"]
[Black "Martin, Yvon"]
[Result "1-0"]
[WhiteElo "1879"]
[BlackElo "1732"]
[PlyCount "51"]
[EventDate "2010.10.30"]
[EventType "swiss"]
[EventRounds "7"]
[EventCountry "FRA"]
[SourceTitle "EXT 2012"]
[Source "ChessBase"]
[SourceDate "2011.11.24"]
[SourceVersion "1"]
[SourceVersionDate "2011.11.24"]
[SourceQuality "1"]

1. d4 e6 2. Nf3 f5 3. d5 Bd6 4. Nc3 Nf6 5. Bg5 0-0 6. e4 fxe4 7. Nxe4 Be7 8. Bxf6 Bxf6 9. c3 d6 10. Qd2 Bd7 11. 0-0-0 Kh8 12. h4 exd5 13. Qxd5 Bg4 14. Neg5 Bxf3 15. gxf3 Bxg5+ 16. hxg5 c6 17. Rxh7+ Kxh7 18. Bd3+ g6 19. Rh1+ Kg7 20. Qd4+ Rf6 21. gxf6+ Kg8 22. f7+ Kxf7 23. Rh7+ Ke6 24. Qe4+ Kf6 25. Qxg6+ Ke5 26. Qf5# 1-0

[Event "Quimper op 1st"]
[Site "Quimper"]
[Date "2010.11.01"]
[Round "7"]
[White "Brault, Julien"]
[Black "Annetti, Laurent"]
[Result "1/2-1/2"]
[WhiteElo "1845"]
[BlackElo "1879"]
[PlyCount "43"]
[EventDate "2010.10.30"]
[EventType "swiss"]
[EventRounds "7"]
[EventCountry "FRA"]
[SourceTitle "EXT 2012"]
[Source "ChessBase"]
[SourceDate "2011.11.24"]
[SourceVersion "1"]
[SourceVersionDate "2011.11.24"]
[SourceQuality "1"]

1. e4 e5 2. Nf3 Nc6 3. d4 exd4 4. Nxd4 Qh4 5. Nc3 Bb4 6. Ndb5 Ba5 7. Bd2 a6 8. Na3 b5 9. g3 Qd8 10. Nd5 Bxd2+ 11. Qxd2 Nf6 12. Bg2 0-0 13. 0-0 Nxd5 14. exd5 Ne5 15. Rfe1 d6 16. c3 Bf5 17. b3 Rb8 18. Nc2 Bxc2 19. Qxc2 Re8 20. Re2 Nd7 21. Be4 Nf6 22. Rae1 1/2-1/2

[Event "Quimper op 1st"]
[Site "Quimper"]
[Date "2010.10.30"]
[Round "1"]
[White "Le Bihan, Alison"]
[Black "Annetti, Laurent"]
[Result "0-1"]
[WhiteElo "1500"]
[BlackElo "1879"]
[PlyCount "50"]
[EventDate "2010.10.30"]
[EventType "swiss"]
[EventRounds "7"]
[EventCountry "FRA"]
[SourceTitle "EXT 2012"]
[Source "ChessBase"]
[SourceDate "2011.11.24"]
[SourceVersion "1"]
[SourceVersionDate "2011.11.24"]
[SourceQuality "1"]

1. d4 d5 2. Nf3 Nc6 3. g3 Bf5 4. Bg2 Qd7 5. 0-0 Bh3 6. Nc3 h5 7. Bxh3 Qxh3 8. Nxd5 0-0-0 9. Nf4 Qf5 10. c3 e5 11. Ng2 e4 12. Ngh4 Qd5 13. Ng5 f6 14. Nh3 g5 15. Ng6 Rh7 16. Nxf8 Rxf8 17. Qc2 h4 18. f3 hxg3 19. fxe4 Qd7 20. Nxg5 Rxh2 21. e5 Re8 22. e6 Qg7 23. Nf3 Qh8 24. Qg6 Rh1+ 25. Kg2 Qh3# 0-1

[Event "Fouesnant op 15th"]
[Site "Fouesnant"]
[Date "2009.10.24"]
[Round "1"]
[White "Annetti, Laurent"]
[Black "Verhaegen, Valentine"]
[Result "1-0"]
[WhiteElo "1841"]
[BlackElo "1390"]
[PlyCount "47"]
[EventDate "2009.10.26"]
[EventType "swiss"]
[EventRounds "9"]
[EventCountry "FRA"]
[SourceTitle "EXT 2010"]
[Source "ChessBase"]
[SourceDate "2010.11.25"]
[SourceVersion "1"]
[SourceVersionDate "2010.11.25"]
[SourceQuality "1"]

1. e4 e5 2. Nf3 Nc6 3. Bc4 Nf6 4. d4 Nxe4 5. dxe5 Bc5 6. Qd5 Bxf2+ 7. Kf1 0-0 8. Qxe4 Bb6 9. Nc3 Re8 10. Ng5 g6 11. Bxf7+ Kg7 12. Bxe8 Qxe8 13. Bf4 Qe7 14. Nd5 Qc5 15. Nxb6 Qxb6 16. Qd5 Nd8 17. b3 Qb4 18. Bd2 Qg4 19. Kg1 Rb8 20. Rf1 Kh6 21. Ne6+ Kh5 22. Ng7+ Kh4 23. g3+ Kh3 24. Qg2# 1-0

[Event "FRA-chT3 Gr06 0607"]
[Site "France"]
[Date "2007.04.01"]
[Round "9.3"]
[White "Leroy, Olivier"]
[Black "Annetti, Laurent"]
[Result "1-0"]
[WhiteElo "2023"]
[BlackElo "1952"]
[PlyCount "75"]
[EventDate "2006.10.15"]
[EventType "team"]
[EventRounds "9"]
[EventCountry "FRA"]
[SourceTitle "EXT 2008"]
[Source "ChessBase"]
[SourceDate "2007.11.25"]
[SourceVersion "1"]
[SourceVersionDate "2007.11.25"]
[SourceQuality "1"]
[WhiteTeam "Cherbourg Octeville"]
[BlackTeam "Queven"]
[WhiteTeamCountry "FRA"]
[BlackTeamCountry "FRA"]

1. e4 e5 2. Nc3 Nf6 3. Bc4 Nxe4 4. Qh5 Nd6 5. Bb3 Nc6 6. Nb5 g6 7. Qf3 f5 8. Qd5 Qe7 9. Nxc7+ Kd8 10. Nxa8 b6 11. Nxb6 axb6 12. Qf3 Bb7 13. Qh3 h5 14. d3 f4 15. f3 g5 16. g4 e4 17. dxe4 Nxe4 18. Kf1 Nd4 19. c3 Ba6+ 20. Kg2 Rh7 21. cxd4 Ng3 22. Bd2 hxg4 23. Qxg4 Rh4 24. Qxh4 gxh4 25. hxg3 fxg3 26. Re1 Qf6 27. Re5 Bh6 28. Bb4 d6 29. Bxd6 Qg6 30. Rxh4 Qb1 31. Rxh6 Qf1+ 32. Kxg3 Qxg1+ 33. Kh4 Qf2+ 34. Kg5 Qd2+ 35. f4 Qg2+ 36. Kf6 Kd7 37. Rh7+ Kxd6 38. Re6# 1-0

[Event "FRA-chT3 Gr5 "]
[Site "Bretagne"]
[Date "2006.??.??"]
[Round "5.2"]
[White "Annetti, Laurent"]
[Black "Picart, Laurent"]
[Result "0-1"]
[WhiteElo "2003"]
[BlackElo "2061"]
[PlyCount "114"]
[EventDate "2006.??.??"]
[EventType "team"]
[EventRounds "9"]
[EventCountry "FRA"]
[SourceTitle "EXT 2007"]
[Source "ChessBase"]
[SourceDate "2006.11.23"]
[SourceVersion "1"]
[SourceVersionDate "2006.11.23"]
[SourceQuality "1"]

1. e4 e5 2. Nf3 Nf6 3. Bc4 Nxe4 4. Nc3 Nxc3 5. dxc3 c6 6. Nxe5 d5 7. Bd3 Bd6 8. 0-0 0-0 9. Re1 Nd7 10. Nxd7 Bxd7 11. Qh5 g6 12. Qh6 Qc7 13. Bg5 Rfe8 14. f4 Bf8 15. Qh4 f5 16. Bf6 Rxe1+ 17. Qxe1 Qxf4 18. Be5 Bc5+ 19. Kh1 Qe3 20. Qxe3 Bxe3 21. Re1 Bb6 22. Bd4 Bxd4 23. cxd4 Re8 24. Rxe8+ Bxe8 25. Kg1 Kg7 26. Kf2 Kf6 27. h4 h6 28. g3 g5 29. Be2 Bf7 30. Ke3 Bg6 31. c3 f4+ 32. Kf2 Be4 33. Bg4 b6 34. b4 Bf5 35. Be2 Bd7 36. h5 Kf5 37. g4+ Ke4 38. a3 f3 39. Bxf3+ Kd3 40. Be2+ Kxc3 41. Ke3 Kb3 42. Kd2 Kxa3 43. Kc3 Bc8 44. Bd1 Ba6 45. Bf3 Bf1 46. Bd1 Bc4 47. Bf3 Ka4 48. Bd1+ Kb5 49. Bf3 a5 50. bxa5 Kxa5 51. Bd1 c5 52. Bc2 Kb5 53. Bf5 Kc6 54. Bg6 Be2 55. Bf5 b5 56. dxc5 Kxc5 57. Kd2 Bc4 0-1

[Event "Paris Apsap op 82nd"]
[Site "Paris"]
[Date "2005.??.??"]
[Round "5"]
[White "Annetti, Laurent"]
[Black "Camus de Solliers, Guillaume"]
[Result "0-1"]
[WhiteElo "2012"]
[BlackElo "2237"]
[PlyCount "40"]
[EventDate "2005.08.09"]
[EventType "swiss"]
[EventRounds "7"]
[EventCountry "FRA"]
[SourceTitle "EXT 2007"]
[Source "ChessBase"]
[SourceDate "2006.11.23"]
[SourceVersion "1"]
[SourceVersionDate "2006.11.23"]
[SourceQuality "1"]

1. e4 e6 2. d4 d5 3. Nc3 Bb4 4. a3 Bxc3+ 5. bxc3 dxe4 6. f3 e5 7. Be3 Be6 8. Qd2 Nf6 9. 0-0-0 Qd6 10. Kb2 Qb6+ 11. Ka1 Qa5 12. Kb2 Nbd7 13. c4 Qxd2 14. Rxd2 exd4 15. Bxd4 c5 16. Bc3 0-0-0 17. Nh3 Bxh3 18. gxh3 Rhe8 19. Bg2 e3 20. Bxf6 exd2 0-1